Billie Eilish Lyrics: GOLDWING - Statistics

General Stats
  • This quiz has been taken 134 times
  • The average score is 94 of 124
Answer Stats
Answer % Correct
go
98%
gold
97%
"he
97%
the
95%
a
94%
to
94%
you
93%
don't
89%
head
89%
tell
89%
wing'd
89%
your
89%
better
87%
down
87%
keep
87%
o'
87%
are,
86%
are
86%
what
86%
angel
85%
anyone
85%
hear,
82%
come
80%
home
80%
gonna
78%
gonna'
78%
tear
78%
apart
77%
apart,
77%
his
77%
beloved"
76%
of
76%
they're
76%
disappear
75%
wanna
74%
like
72%
year
72%
in
70%
and
69%
that's
69%
then
69%
good
68%
just
68%
messenger
67%
"smiling
66%
on
64%
sacred
64%
souvenir
63%
sell
62%
there
61%
claim
60%
she
59%
dark,
57%
mighty
57%
you're
57%
him
56%
"with
56%
getting
55%
is
55%
hath
54%
gods"
48%
their
48%
we
48%
heart
47%
highest
47%
winged
46%
starved,
45%
yearning
45%
art
44%
gaze
41%
heav'n"
40%
thee
40%
bosom
39%
beareth
29%
No matching quizzes found
Score Distribution
Percent of People with Each Score
Percentile by Number Answered
Your Score History
You have not taken this quiz